| 000 | 00339nam a2200145Ia 4500 | ||
|---|---|---|---|
| 008 | 230917s9999||||xx |||||||||||||| ||und|| | ||
| 040 |
_e141941 _aMAIN |
||
| 041 | _aEnglish | ||
| 082 | _a595.7 S27I | ||
| 100 | _aScientific American | ||
| 245 | 0 | _aInsects | |
| 260 |
_aSan Francisco _bW H Freeman _c1977 |
||
| 300 | _a334 p. | ||
| 942 | _cBK | ||
| 999 |
_c38851 _d38851 |
||